Statistics for Wine Regions of Argentina

Click here to take the quiz!

General Stats

  • This quiz has been taken 19 times
  • The average score is 9 of 15

Answer Stats

Answer% Correct
Mendoza
94%
La Rioja
75%
Salta
69%
San Juan
69%
Buenos Aires
63%
Jujuy
63%
La Pampa
56%
Neuquén
56%
Patagonia and Atlantic
56%
Río Negro
56%
Tucumán
56%
Catamarca
50%
Chubut
50%
Cuyo
50%
North
44%

Score Distribution

Percentile by Number Answered

Percent of People with Each Score

Your Score History

You have not taken this quiz